000171118 001__ 171118 000171118 005__ 20260506144057.0 000171118 0248_ $$2sideral$$a79329 000171118 037__ $$aART-2011-79329 000171118 041__ $$aspa 000171118 100__ $$0(orcid)0000-0002-6757-7598$$aRivero Gracia, María Pilar$$uUniversidad de Zaragoza 000171118 245__ $$aReseña de 12 ideas clave. Enseñar y aprender historia 000171118 260__ $$c2011 000171118 5060_ $$aAccess copy available to the general public$$fUnrestricted 000171118 540__ $$9info:eu-repo/semantics/openAccess$$aby-nc-sa$$uhttps://creativecommons.org/licenses/by-nc-sa/4.0/deed.es 000171118 655_4 $$ainfo:eu-repo/semantics/other$$vinfo:eu-repo/semantics/publishedVersion 000171118 7102_ $$14006$$2210$$aUniversidad de Zaragoza$$bDpto. Didác.Leng.y CC.HH.y SS.$$cÁrea Didáctica Ciencias Socia. 000171118 773__ $$g32 (2011), [3 p]$$pClío (Valencia)$$tClío (Valencia)$$x1139-6237 000171118 8564_ $$s59993$$uhttps://zaguan.unizar.es/record/171118/files/texto_completo.pdf$$yVersión publicada 000171118 8564_ $$s1683915$$uhttps://zaguan.unizar.es/record/171118/files/texto_completo.jpg?subformat=icon$$xicon$$yVersión publicada 000171118 909CO $$ooai:zaguan.unizar.es:171118$$particulos$$pdriver 000171118 951__ $$a2026-05-06-13:59:04 000171118 980__ $$aARTICLE